000 00421nam a2200157Ia 4500
008 240729s9999 xx 000 0 und d
022 _a2645-9248
245 0 _aJournal of Ideas in Health
260 _aTürkiye
260 _bJournal of Ideas in Health
650 _a Medicine (General)
650 _aMedicine
856 _uhttps://doaj.org/toc/0b740c0659c54074bef45014e0691e87
942 _2ddc
942 _cDOAJEJ
999 _c66360
_d66360
945 _a1
_bMadushi Gamage
_c1
_dMadushi Gamage